Жените на руските владетели: от Сталин до Путин (Запис номер 204303)
[ съкратено ]
| 000 -Лидер | |
|---|---|
| Контролно поле с фиксирана дължина | 02513nam a2200469 c 4500 |
| 003 - Код на организацията, давaща контролен номер | |
| Контролно поле | BLK |
| 005 - Дата и час на последна редакция | |
| Контролно поле | 20240515095408.0 |
| 008 - Елементи от данни с фиксирана дължина | |
| fixed length control field | 180411b bul|||||r ||||||| ||bul|| |
| 010 ## - Наследен системен номер | |
| LC control number | KNG00213860000 |
| 020 ## - Международен стандартен номер на книга ISBN | |
| Международен стандартен номер на книга ISBN | 978-619-153-154-7 |
| 040 ## - Източник на каталожния запис | |
| Идентификатор на билиотеката - собственик на записа | BLK |
| 041 ## - Код за език | |
| Код за езика на текст/звукозапис или на отделно заглавие | Български |
| Код за езика КДБФ | Български |
| 072 #7 - Код за тематичната категория | |
| Код организация | bullib |
| Код за тематична категория | Н32 |
| Текст | Политика Н |
| 080 ## - УДК | |
| Текстов определител УДК | Жената и политиката. Женско движение - Женски организации. Международен ден на жената. Участие на жените в обществено-политическия живот |
| УДК код - определител по УДК | 305-055.2 |
| УДК определител | (470)(092)(0:82-94) |
| УДК - код + определител | 305-055.2(470)(092)(0:82-94) |
| 080 ## - УДК | |
| Текстов определител УДК | Руска литература |
| УДК код - определител по УДК | 821.161.1 |
| УДК определител | -94 |
| УДК - код + определител | 821.161.1-94 |
| 080 ## - УДК | |
| Текстов определител УДК | Биографии |
| УДК код - определител по УДК | 929 |
| УДК определител | (470) |
| УДК - код + определител | 929(470) |
| 100 1# - Редна дума - Автор | |
| Автор | Жданов, Михаил Михайлович |
| Авторска отговорност | първи автор |
| R(LIN) | 276966 |
| 139 ## - Редно поле | |
| Редна дума | Жданов, Михаил Михайлович |
| Авторски знак | Жда - Ж 27 |
| 245 10 - Сведения за заглавието | |
| Заглавие | Жените на руските владетели: от Сталин до Путин |
| Подзаглавни данни | Любов и власт |
| Редно поле (дума) | Михаил Михайлович Жданов; прев. от рус. Лидия Михайлова Шведова; * Владимир Мамин. |
| 250 ## - Област на изданието | |
| Сведения за изданието | Ново доп. изд. |
| 257 ## - Страна на издаване | |
| Страна на създаване/издаване | Русия |
| 260 ## - Област на издателските данни | |
| Име на издателя, разпространителя и проч. | Паритет |
| Година на издаване | 2017 |
| 300 ## - Физическа характеристика | |
| Страници | 208 с. |
| Размери/Мащаб | 21 см |
| 380 ## - Жанр | |
| Жанр | Обществени науки |
| 500 ## - Общи забележки | |
| Забележка | 1. изд. 2009 на изд. СКОРПИО ви със загл. Кремълските принцеси : драмата на живота - любов и власт в сер. Лабиринти на истината / Владимир Мамин. - Без сведение за ориг. загл. ; Ориг. загл. Кремлевские "принцессы". Драма жизни: любовь и власть / Владимир Мамин. |
| 650 #0 - Допълнително описание по предмет – тема | |
| Основно описание – тема или топоним | Жени, прочути - биографии |
| 9 (RLIN) | 303107 |
| 651 #4 - Допълнително описание по предмет - топоним | |
| Географско понятие | СССР |
| 9 (RLIN) | 179592 |
| 651 #4 - Допълнително описание по предмет - топоним | |
| Географско понятие | Русия |
| 9 (RLIN) | 179465 |
| 653 ## - Ключова дума – ненормативна | |
| Ключова дума | жени |
| 653 ## - Ключова дума – ненормативна | |
| Ключова дума | прочути личности |
| 653 ## - Ключова дума – ненормативна | |
| Ключова дума | биографии |
| 659 ## - Тематичен бюлетин | |
| Тематичен бюлетин | Н |
| 700 1# - Други автори (авторска отговорност) | |
| Лично име | Шведова, Лидия Михайлова |
| Автороска отговорност (Описва отношението между автора и произведението) | прев. от рус. |
| 9 (RLIN) | 364992 |
| 700 1# - Други автори (авторска отговорност) | |
| Лично име | Мамин, Владимир |
| Автороска отговорност (Описва отношението между автора и произведението) | * |
| 9 (RLIN) | 386508 |
| 852 ## - Местоположение | |
| Форматна сигнатура | Цб 287905 |
| 856 4# - Електронен адрес и достъп | |
| Електронен формат | pdf - файл |
| 856 4# - Електронен адрес и достъп | |
| Електронен формат | pdf - файл |
| 999 ## - СИСТЕМНИ КОНТРОЛНИ НОМЕРА | |
| Koha biblionumber | 204303 |
| Koha biblioitemnumber | 204303 |
| 942 ## - АРТИКУЛИ | |
| Вид на библиотечния материал | Книги |
| Скрит в OPAC | Не |
| Периодичен библиозапис | Да |
| Koha issues (borrowed), all copies | 5 |
| 944 ## - СЪЗДАВАНЕ И РЕДАКЦИЯ на ЗАПИСА | |
| Създаване/Редакция | Създаване |
| Дата на регистрацията/редакция | 30.10.2017 |
| Статус, дата на статуса | Цветелина Шанова |
| Служител, извършил регистрацията/редакцията | 30531 |
| 944 ## - СЪЗДАВАНЕ И РЕДАКЦИЯ на ЗАПИСА | |
| Създаване/Редакция | Редакция |
| Дата на регистрацията/редакция | 06.11.2017 |
| Статус, дата на статуса | ф / |
| Служител, извършил регистрацията/редакцията | Людмила_Стоянова |
| 999 ## - СИСТЕМНИ КОНТРОЛНИ НОМЕРА | |
| Koha biblioitemnumber | 204303 |
| Код за отписване | Код за изгубен артикул | Източник на класификационната схема | Код за повреда | Коз за рестрикции | Код за отдаване | Артикулен № | Име на библиотеката - собственик | Име на библиотеката, в която се намира в момента | Статус (Текущо местоположение) | Дата на вписване в системата | Местоположение - отдел | Цена в лева | Инвентарен номер | Систематично азбучна сигнатура | Баркод | Номер на екземпляра | Цена в евро | Служебна бележка | Служебен тип на артикула |
|---|---|---|---|---|---|---|---|---|---|---|---|---|---|---|---|---|---|---|---|
| Не е изгубен | Universal Decimal Classification | Не е повреден | без рестрикции | заемане за дома | 352320 | Регионална библиотека "Любен Каравелов" Русе | Регионална библиотека "Любен Каравелов" Русе | Заемна - подръчен фонд | 2017-10-30 | Заемна - подръчен фонд | 12.74 | 120000816615 | 305(092)/Ж 27 | 120000816615 | 1 | 6.51 | Дост: Pk Вид: Ф N: 890 Дата: 26.10.2017 Дата инв: 16.02.2018 Бележки инв: П2018 | Книги | |
| Не е изгубен | Universal Decimal Classification | Не е повреден | без рестрикции | заемане за дома | 352321 | Регионална библиотека "Любен Каравелов" Русе | Регионална библиотека "Любен Каравелов" Русе | Заемна - подръчен фонд | 2017-10-30 | Заемна - подръчен фонд | 12.74 | 120000816616 | 305(092)/Ж 27 | 120000816616 | 2 | 6.51 | Дост: Pk Вид: Ф N: 890 Дата: 26.10.2017 Дата инв: 08.02.2018 Бележки инв: П2018 | Книги | |
| Не е изгубен | Universal Decimal Classification | Не е повреден | без рестрикции | ползва се в читалня | 682608 | Регионална библиотека "Любен Каравелов" Русе | Регионална библиотека "Любен Каравелов" Русе | Хранилище | 2018-11-22 | Хранилище | 16.99 | Цб 291816 | 120000825772 | 8.69 | Книги |